000 00808nam a2200217 i 4500
003 DO-SdBNP
005 20260304085434.0
007 ta
008 091126s2002 000 spa d
020 _a9993420271
040 _aDO-SdBNP
_bspa
_cDO-SdBNP
_erda
041 _hspa
082 7 6 _a342.7293
_bP419f
_222
100 1 _aPeña Gomez, Jose Francisco ,
_d1937-1998
_92994
245 1 0 _aFracaso de la democracia representativa a la luz del derecho constitucional :
_b(Tesis doctoral) /
_cJosé Francisco Peña Gómez ; prólogo, Franklin Franco Pichardo
264 _aSanto Domingo :
_bManatí,
_c2002.
300 _a193 páginas
650 4 _2LEMB
_92488
_aRepública Dominicana
_xPolítica y gobierno
_xTesis y disertaciones académicas
910 _aValidado. Control de calidad. MAA
942 _2ddc
_cLBS1
999 _c13232
_d13232